| 000 | 00604nam a22001577a 4500 | ||
|---|---|---|---|
| 999 |
_c1710 _d1710 |
||
| 008 | 200131b ||||| |||| 00| 0 eng d | ||
| 020 | _a9280113151 | ||
| 082 | 0 | 0 |
_a623.8245 _bI339 |
| 110 |
_976 _aInternational Maritime Organization |
||
| 245 | 1 | 0 |
_aInternational code for the construction and equipment of ships carrying dangerous chemicals in bulk : (IBC code) and Index of dangerous chemicals carried in bulk _cby International Maritime Organization |
| 250 | _a4th ed. | ||
| 260 |
_aLondon _bInternational Maritime Organization _c1994 |
||
| 300 | _ax, 228p. | ||
| 650 | 0 | _aShip Operations | |
| 942 | _cBK | ||